000 01907cam a22004694i 4500
003 PE-LiUPU
005 20250731172734.0
008 150617s r 000 0 d
035 _a(Sirsi) a11570
040 _aPE-LiUPU
_bspa
_cPE-LiUPU
_erda
049 _aPRUA
082 0 4 _a248.4
_bK76
_221
100 1 _aKoopman, Leroy,
_eautor.
245 1 0 _aSalón de belleza para los ojos /
_cLeroy Koopman.
264 1 _aBarcelona :
_bCLIE,
_c1978.
300 _a165 páginas ;
_c17 cm.
336 _atext
_2rdacontent
337 _aunmediated
_2rdamedia
338 _avolume
_2rdacarrier
490 0 _aLibros CLIE
505 0 _aOftalmología divina -- Ceguera (Incapacidad para ver la verdad espiritual) -- Miopía (Incapacidad para ver lejos) -- Hipermetropía -- Acostumbramiento a la oscuridad -- Objetos extraños en los ojos -- Ceguera para los colores. (Ceguera negra) (La ceguera al color que sólo ve lo malo) -- Ceguera para los colores. (Ceguera rosa.) (La ceguera por la cual se ve sólo lo bueno) -- Ceguera para los colores. (Ceguera verde.) (La mirada de envidia) -- Visión en túnel -- Visión limitada -- Sugestiones para directorios de grupo.
526 _aSEG42
526 _aSEG41
526 _aSEG40
526 _aSEG39
526 _aP94
526 _aP87
526 _aP86
526 _aP85
526 _aP77
526 _aP76
526 _aP35
650 0 4 _aCARACTER.
650 0 4 _aVIDA CRISTIANA.
910 _ajck
_bjvq
_cjck
_d20150616
942 _2ddc
_cBOOK
949 _a248.4 K76
_wDEWEY
_c1
_i19445
_lCCODEBUL1
_mBUL
_p00.00
_r0
_sY
_tBOOK
_u19810828
_xTEOLOGIA
_PP35
_0COMPRA
_o.STAFF. Colección General
994 _aC0
_bPEPRU
596 _a1
999 _a248.4 K76
_wDEWEY
_c1734
_i19445
_f2021-11-11
_g5
_lCCODEBUL1
_mBUL
_r0
_sY
_tBOOK
_u2015-6-17
_xTEOLOGIA
_PP35
_0COMPRA
_o.STAFF. Colección General
_d1734
980 _81
_gALBERTO SANCHEZ Responsable de Automatización